000 00803nam a22002777a 4500
001 BR7701211
003 BR-BrBNA
005 20230928085211.0
007 ta
008 230509b bl.||||| |||| 00| 0 por d
040 _aBR-BrBNA
_bpor
_cBiblioteca Nacional de Agricultura
041 _a(Por)
072 _aE10; L00
_b5300
_b/G514
090 _ 5300 BR7701211
110 1 _aSecretaria de Estado da Agricultura, Curitiba, PR (Brasil). Depto. de Economia Rural
_98815
245 1 _aDiagnostico da agro-industria do setor de suinos no Parana [Brasil]
260 3 _aCuritiba, PR (Brasil):
_c1976.
300 _a24 p.
650 _aSUINO
650 _aINDUSTRIA AGRICOLA
650 _aABATE
650 _aFRIGORIFICO
650 _aPARANA
909 _a202309
_bLucia
_c55
_dLucia Elande
942 _cBK
999 _c23250
_d23250